Márki Sándor temetése [rövid hír]
Elmentve itt :
| Dokumentumtípus: | Cikk |
|---|---|
| Megjelent: |
1925-07-03
|
| Sorozat: | Délmagyarország
1 No. 38 |
| Kulcsszavak: | Márki Sándor, Temetés Budapest 1925 |
| Online Access: | http://dmarchiv.bibl.u-szeged.hu/31002 |
| LEADER | 00434nab a2200145 i 4500 | ||
|---|---|---|---|
| 001 | delm31002 | ||
| 005 | 20180927102640.0 | ||
| 008 | 180927s1925 hu o 0|| hun d | ||
| 040 | |a SZTE Délmagyarország Archívum |b hun | ||
| 041 | |a hun | ||
| 245 | 0 | 0 | |a Márki Sándor temetése |h [elektronikus dokumentum] : |b [rövid hír] |
| 260 | |c 1925-07-03 | ||
| 300 | |a 6 | ||
| 490 | 0 | |a Délmagyarország |v 1 No. 38 | |
| 695 | |a Márki Sándor, Temetés Budapest 1925 | ||